[Event "CZE-chT2E 1819"]
[Site "Czech Republic"]
[Date "2019.03.17"]
[Round "10.3"]
[White "Slanicay, Gabriel"]
[Black "Babula, Milan"]
[Result "1/2-1/2"]
[WhiteElo "1682"]
[BlackElo "2228"]
[PlyCount "113"]
[EventDate "2018.10.14"]
[EventType "team-tourn"]
[EventRounds "11"]
[EventCountry "CZE"]
[SourceTitle "EXT 2022"]
[Source "ChessBase"]
[SourceDate "2021.10.06"]
[SourceVersion "1"]
[SourceVersionDate "2021.10.06"]
[SourceQuality "1"]
[WhiteTeam "Kunovice"]
[BlackTeam "Vlcnov"]
[WhiteTeamCountry "CZE"]
[BlackTeamCountry "CZE"]

1. e4 g6 2. d4 Bg7 3. Nc3 d6 4. Be3 c6 5. Qd2 b5 6. a3 Bb7 7. Bd3 Nd7 8. Nf3 h6 9. 0-0 a6 10. Rad1 Qc7 11. Rfe1 e5 12. Bf1 Ne7 13. b4 0-0-0 14. a4 f5 15. dxe5 dxe5 16. axb5 axb5 17. Qd6 Qxd6 18. Rxd6 f4 19. Ba7 g5 20. Red1 Kc7 21. Bc5 Nxc5 22. bxc5 Nc8 23. Rxd8 Rxd8 24. Rxd8 Kxd8 25. Na2 Ne7 26. c4 bxc4 27. Bxc4 Bc8 28. Nc1 g4 29. Nd2 Ng6 30. Nd3 Nf8 31. Nb4 Kc7 32. Nb3 Ne6 33. Kf1 Ng5 34. Nd2 f3 35. g3 Bf6 36. Nd3 Kd7 37. Ke1 Ke7 38. Kd1 h5 39. Kc2 Bd7 40. Bb3 Be8 41. Nb4 Kd8 42. Ba4 Nh3 43. Nd3 Kc7 44. Nc4 Bg6 45. Bxc6 Nxf2 46. Nxf2 Kxc6 47. Ne3 Be7 48. h3 Bxc5 49. Kd3 h4 50. Nfxg4 f2 51. Nxe5+ Kb5 52. Nf1 hxg3 53. Nxg3 Bd6 54. Nxg6 Bxg3 55. Ke2 Kc4 56. h4 Bxh4 57. Nxh4 1/2-1/2